| 000 | 00515nam a2200169 i 4500 | ||
|---|---|---|---|
| 001 | 50604 | ||
| 003 | ES-MaACL | ||
| 005 | 20230906162215.0 | ||
| 007 | t| | ||
| 008 | 030805s1964 sp ||||1| spa d | ||
| 100 | 1 |
_aCubero Calvo, Victoriano. _941932 |
|
| 245 | 1 | 3 |
_aLa agricultura en el plan de desarrollo _b: financiación del campo / _cVictoriano Cubero Calvo. |
| 260 |
_aZaragoza : _b[s.n.], _c1964. |
||
| 300 |
_a143 p. ; _c31 cm. |
||
| 500 | _aEjemplar multicopista. | ||
| 852 |
_aES-MaACL _jC-26821 _bR.55515 |
||
| 999 |
_c50604 _d50604 |
||